1502 1007 1380 1367 1355 1322 1842 1744 1079 1759 1296 1957 1536 1328 1888 1048 1772 1394 1066 1034 1573 1276 1822 1104 1167 1797 1572 1791 1425 1269 1281 1702 1373 1205 1857 1861 1596 1845 1157 1319 1813 1788 1871 1491 1698 1608 1077 1031 1405 1890 1477 1693 1888 1491 1486 1369 1928 1683 1736 1093 1935 1412 1010 1462 1681 1679 1102 1230 1909 1035 1532 1694 1562 1257 1551 1732 1051 1496 1588 1478 1309 1426 1527 1402 1379 1831 1844 1370 1901 1704 1978 1936 1578 1090 1390 1434 1725 1111 1518 BCNSPRNW ULIB Ver.6.0+V

เปลี่ยนเป็นภาษาไทย

Change to English
 แสดงรายละเอียดบรรณานุกรม
  กลับหน้าหลัก

Brief Record : Get Marc (ISO 2709) : E-mail record : QR code < ปิดหน้าต่าง
LEADER : 00000nam 2200000uu 4500
001    13399122657
003     ULIB
008    020711s2555 th a 000 0 tha d
020    9786167572758
090    นว.^bธ111ล
100    ธนฐา
110    ทัช
245    เล่ห์ร้ายใต้รอยรัก /^cธนฐา
260    นนทบุรี :^bทัช,^c2555
300    232 หน้า
945    ^p160^l0^i20113
999    ^aทศพร เกษรทอง
รายการนี้ยังไม่มีแท็ก
คุณยังไม่ได้ล็อกอิน คุณสามารถมีกิจกรรมร่วมกับเว็บไซต์ได้ แต่ต้องล็อกอินก่อน ::
  ล็อกอิน

รายการสื่อสารสนเทศ

ลำดับที่ ประเภท เลขเรียก/บาร์โค้ด สถานที่ สถานะ
1. นวนิยาย
นวนิยาย
นว. ธ111ล ฉ.1 
  Barcode: 20113
ห้องสมุดวิทยาเขตนครสวรรค์
►นวนิยาย:l:Fiction
บนชั้น

BibComment


ยังไม่เคยถูกคอมเมนท์

คอมเมนท์ทรัพยากรรายการนี้
  คอมเมนท์: เล่ห์ร้ายใต้รอยรั..


 Copyright 2026. Bcnsprnw @Library